000 00716nam a2200217Ia 4500
005 20241129105933.0
008 241129s9999||||xx |||||||||||||| ||und||
020 _a978-93-5518-138-1
037 _aTB
040 _aARTS
_bhin
_cARTS
041 _ahin
_2hin
084 _aO152,3N652,AM R2
_qARTS
100 _aगीताश्री, ले.
245 0 _aअम्बपाली: एक उत्तरगाथा
_cगीताश्री, ले.
260 _aनई दिल्ली, भारत
_bवाणी प्रकाशन
_c2016
300 _a290पृ0
365 _aINR
_b600
650 _aHindi Fiction
942 _cTB
_hO152,3N652,AM R2
999 _c1226668
_d1226668